000 00397cam a22001331 4500
082 _a673.3
_bCOP
_cL-17, P-60
100 1 _aHall kendais,
_945074
245 1 0 _aThe machining of copper and its alloys
_bKendais hall.
260 _aEngland,
_bC.d.a
_cc1953.
300 _a116 p.
_c24 cm.
526 _a0
_b0
_c0
_d673_300000000000000_COP
526 _a0
_b0
_c0
_d673_300000000000000_COP
942 _2ddc
_cBK
999 _c548675
_d548675